Southville International School and Colleges
Your cart is empty.
  • Cart
  • Lists
    Public lists Eva Luna New books Lux_list list_1
    Your lists Log in to create your own lists
  • Log in to your account
  • Your cookies
  • Search history
Southville International School and Colleges
  • Advanced search
  • Recent comments
  • Most popular
  • Libraries

Log in to your account

Log in with GOOGLE


If you do not have an external account, but do have a local account, you can still log in:

  1. Home
  2. MARC view: Stern's introductory plant biology /
Normal view MARC view ISBD view

Stern's introductory plant biology / (Record no. 13396)

[ view plain ]
MARC details
000 -LEADER
fixed length control field 00959cam a22003498a 4500
003 - CONTROL NUMBER IDENTIFIER
control field OSt
005 - DATE AND TIME OF LATEST TRANSACTION
control field 20140310182432.0
008 - FIXED-LENGTH DATA ELEMENTS--GENERAL INFORMATION
fixed length control field 090430s2010 iau 001 0 eng
020 ## - INTERNATIONAL STANDARD BOOK NUMBER
International Standard Book Number 9780071222129 (hard copy : alk. paper)
020 ## - INTERNATIONAL STANDARD BOOK NUMBER
International Standard Book Number 0073040525 (hard copy : alk. paper)
042 ## - AUTHENTICATION CODE
Authentication code pcc
050 00 - LIBRARY OF CONGRESS CALL NUMBER
Classification number QK 47
Item number .B585 2011
082 00 - DEWEY DECIMAL CLASSIFICATION NUMBER
Classification number
100 1# - MAIN ENTRY--PERSONAL NAME
Personal name Bidlack, James E.
9 (RLIN) 7779
245 10 - TITLE STATEMENT
Title Stern's introductory plant biology /
Statement of responsibility, etc James E. Bidlack, Shelley H. Jansky.
246 30 - VARYING FORM OF TITLE
Title proper/short title Introductory plant biology
250 ## - EDITION STATEMENT
Edition statement 12th ed.
260 ## - PUBLICATION, DISTRIBUTION, ETC. (IMPRINT)
Place of publication, distribution, etc Dubuque, IA :
Name of publisher, distributor, etc McGraw-Hill,
Date of publication, distribution, etc 2011.
263 ## - PROJECTED PUBLICATION DATE
Projected publication date 1001
300 ## - PHYSICAL DESCRIPTION
Extent 622 p. :
Other physical details col. ill. ;
Dimensions 28 cm.
500 ## - GENERAL NOTE
General note
500 ## - GENERAL NOTE
General note
505 0# - FORMATTED CONTENTS NOTE
Formatted contents note
521 ## - TARGET AUDIENCE NOTE
Target audience note
526 ## - STUDY PROGRAM INFORMATION NOTE
Reading level
541 ## - IMMEDIATE SOURCE OF ACQUISITION NOTE
-- 1
562 ## - COPY AND VERSION IDENTIFICATION NOTE
Number of copies 1
650 #0 - SUBJECT ADDED ENTRY--TOPICAL TERM
Topical term or geographic name as entry element Botany.
9 (RLIN) 7699
700 1# - ADDED ENTRY--PERSONAL NAME
Personal name Jansky, Shelley.
9 (RLIN) 7780
700 1# - ADDED ENTRY--PERSONAL NAME
Personal name Stern, Kingsley Rowland.
Title of a work Introductory plant biology.
9 (RLIN) 7781
942 ## - ADDED ENTRY ELEMENTS (KOHA)
Source of classification or shelving scheme Library of Congress Classification
Koha item type
Call number prefix
Holdings
Withdrawn status Lost status Source of classification or shelving scheme Damaged status Home library Current library Shelving location Date acquired Total Checkouts Full call number Barcode Checked out Date last seen Date checked out Copy number Price effective from Koha item type
    Library of Congress Classification   South SEED-LPDH College Library College Library South SEED-LPDH College Section   1 QK 47 .B585 2011 SSLC0910 10/01/2018 09/22/2018 09/22/2018 1 11/06/2013 Books

Stern's introductory plant biology /

APA

Bidlack J. E., Jansky S. & Stern K. R. (2011). Stern's introductory plant biology. Dubuque, IA: McGraw-Hill.

Chicago

Bidlack James E, Jansky Shelley and Stern Kingsley Rowland. 2011. Stern's introductory plant biology. Dubuque, IA: McGraw-Hill.

Harvard

Bidlack J. E., Jansky S. and Stern K. R. (2011). Stern's introductory plant biology. Dubuque, IA: McGraw-Hill.

MLA

Bidlack James E, Jansky Shelley and Stern Kingsley Rowland. Stern's introductory plant biology. Dubuque, IA: McGraw-Hill. 2011.

  • Place hold
  • Print
  • Cite
  • Add to your cart (remove)
  • Save record
    BIBTEX Dublin Core MARCXML MARC (non-Unicode/MARC-8) MARC (Unicode/UTF-8) MARC (Unicode/UTF-8, Standard) MODS (XML) RIS
  • More searches
    Search for this title in:
    Other Libraries (WorldCat) Other Databases (Google Scholar) Online Stores (Bookfinder.com) Open Library (openlibrary.org)

Exporting to Dublin Core...

SOUTHVILLE LIBRARY

Southville International School and Colleges Library

1281 Tropical Ave. Cor. Luxembourg St., BF Homes International, Las Pinas City

Tel. No. 8256374 / 252358 Loc. 117/146

Powered by Koha